Sandro Cavazza Charting Songs (Billboard Hot Dance) - Statistics

General Stats
  • This quiz has been taken 13 times
    4 since last reset
  • The average score is 2 of 5
Answer Stats
Album Weeks On Peak Artist(s) Song % Correct
Avīci (01) EP 26 Weeks #13 Avicii ft. Sandro Cavazza Without You
100%
Non-Album Single 2 Weeks #26 Kygo & Sandro Cavazza Hold On Me
75%
Non-Album Single 22 Weeks #12 Kygo ft. Sandro Cavazza Happy Now
25%
Golden Hour 3 Weeks #29 Kygo & Sandro Cavazza Beautiful
0%
Non-Album Single 18 Weeks #9 Kygo with Avicii & Sandro Cavazza Forever Yours (Tribute)
0%
No matching quizzes found
Score Distribution
Percent of People with Each Score
Percentile by Number Answered
Your Score History
You have not taken this quiz since the last reset